000 00669nam a2200265Ia 4500
005 20260121170748.0
008 008 260114s9999 xx 000 0 eng d
020 _a9789811322068
037 _aEBOOK
040 _aCRL
040 _beng
040 _cCRL
041 _2eng
041 _aeng
084 _qCRL
100 _aQinglei Zhou, Qiguang Miao, Hongzhi Wang, Wei Xie, Yan Wang, Zeguang Lu
_91067859
245 0 _aData Science
260 _bSpringer
260 _bSpringer
260 _c2018
856 _uhttps://link.springer.com/openurl?genre=book&isbn=978-981-13-2206-8
942 _cEBOOK
999 _c1633589
_d1633589